| 000 | 00711nam a2200217 i 4500 | ||
|---|---|---|---|
| 001 | 140931 | ||
| 003 | ES-MaACL | ||
| 005 | 20230906200201.0 | ||
| 007 | t| | ||
| 008 | 070918s1923 ag ||||1| spa d | ||
| 080 | _a294.527 | ||
| 100 | 1 |
_aRamacharaka _cYogi. _995061 |
|
| 245 | 1 | 0 |
_aCurso adelantado sobre filosofía yogui y ocultismo oriental / _cpor Yogi Ramacharaka ; traducción del inglés por M. López Villamil y Ricardo Vivié. |
| 250 | _a2ª ed. | ||
| 260 |
_aBuenos Aires : _bLa Facultad, _c1923 ( _eMadrid : _fJ. Pueyo) |
||
| 300 |
_a401 p. ; _c19 cm. |
||
| 650 | 4 |
_aYoga. _917859 |
|
| 700 | 1 |
_aLópez Villamil, M. _974027 |
|
| 700 | 1 |
_aVivié, Ricardo. _9115602 |
|
| 852 |
_aES-MaACL _jG-3386 |
||
| 999 |
_c140931 _d140931 |
||